| 000 | 00638nam a2200157 4500 | ||
|---|---|---|---|
| 001 | 117549 | ||
| 003 | ES-MaACL | ||
| 005 | 20230906190928.0 | ||
| 007 | t| | ||
| 008 | 070214s1902 sp r ||||1| spa d | ||
| 100 | 1 |
_aPeralta y Lerín, Antonio de. _990391 |
|
| 245 | 1 | 3 |
_aEl procedimiento de Kreider y Breckenridge en la investigación y separación del potasio y sodio _b: tesis doctoral en la Facultad de Ciencias, sección Físico-Químicas / _cAntonio de Peralta y Lerín. |
| 260 |
_aMadrid : _b[s.n.], _c1902 ( _fEstablecimiento Tipográfico de Hijos de J.A. García) |
||
| 300 |
_a32 p. ; _c23 cm. |
||
| 852 |
_aES-MaACL _jT-1018-F-5 |
||
| 999 |
_c117549 _d117549 |
||